| 000 | 00683nam a2200229 i 4500 | ||
|---|---|---|---|
| 001 | 12127 | ||
| 003 | ES-MaACL | ||
| 005 | 20230906150239.0 | ||
| 007 | t| | ||
| 008 | 970414s1995 sp ||||1| spa d | ||
| 020 | _a84-376-1342-6 | ||
| 080 | _a72.034 | ||
| 100 | 1 |
_aTafuri, Manfredo. _9109061 |
|
| 245 | 1 | 0 |
_aSobre el Renacimiento _b: principios, ciudades, arquitectos / _cManfredo Tafuri. |
| 260 |
_aMadrid : _bCátedra, _c[1995] |
||
| 300 |
_a316 p., [128] p. de lám. ; _c24 cm. |
||
| 490 | 1 | _aArte. Grandes temas | |
| 650 | 4 |
_aArquitectura renacentista. _910050 |
|
| 830 | 0 |
_aArte. Grandes temas _9179203 |
|
| 852 |
_aES-MaACL _jL-19456 _bR.125284 |
||
| 999 |
_c12127 _d12127 |
||